Datum a čas kvízu
24.5
Celkem bodů
Celkový počet nahraných bodů na tomto kvízu bez doplňovacích otázek.
5.
Pořadí na kvízu
Konečné umístění týmu na tomto kvízu.
Zaznamenané odpovědi
| # | Otázka | Odpověď | Body | Výsledky |
|---|---|---|---|---|
| 1. | Na podzim by se měla změnit pr... | 0 | ||
| 2. | Čtyřiašedesátiletý Andrés Manu... | 0 | ||
| 3. | Do Karlových Varů v úterý přij... | 0 | ||
| 4. | Minulý týden jsme měli téma na... | 0 | ||
| 5. | Plzeňský fotbalista dostal od... | 1 | ||
| 6. | Na probíhajícím mistrovství sv... | 0 | ||
| 7. | Ve které zemi byl princ Harry... | 1 | ||
| 8. | Napište adresu domu, který pat... | 0 | ||
| 9. | Americký prezident Harry Truma... | 0 | ||
| 10. | Se kterou hudební skupinou je... | 1 |